000 00309nam a2200133Ia 4500
008 190723s9999 xx 000 0 und d
020 _a0-07-060348-0
100 _aDonald R.Lehman
245 0 _aProduct Management
250 _a4th
260 _aIndia
_bMcGraw Hill
_c2005
300 _a494:P
942 _cBK
999 _c2056
_d2056